000 00500nam a2200181Ia 4500
003 GCL
008 140319s9999 xx 000 0 eng d
040 _aGCL /
_cGCL
082 0 4 _a809
_bY N
100 1 _aENGLISH, CHRISTOPHER
245 1 0 _aNIKOLI GOGOL AND THE WEST EUROPEAN NOVEL /
_cENGLISH, CHRISTOPHER
700 1 _aYELISTRAOVA, ANNA
260 _a[S.N] :
_bRADUGA PUBLISHERS ،
_c1984
300 _a261 P
650 0 4 _aCOMPARATIVE LITERATURE
650 0 4 _aRUSSIAN POETRY
942 _2ddc
_cBK
999 _c15022
_d15022